Začarovaný kruh závislosti Expanzia japonských monopolov do juhokórejského hospodárstva

Bibliographic Details
Main Author: Brabec, Dušan (Author)
Format: Article
Language:Slovak
Subjects:

MARC

LEADER 00000nab a2200000 a 4500
001 vtls000299655
003 SK-MaSNL
005 20260305024448.0
008 111201c1988 xo 0 slo
015 |a SNBRB19rr/mm-uuuuu 
035 |a CL0309774 
040 |a SNKBUCL  |b slo  |c SNKBUCL  |e AACR2 
041 0 |a slo 
044 |a xo  |c SK 
080 |a 339.56(520:519.5)  |2 1981 
080 |a 330.342.22(519.5)  |2 1981 
100 1 |a Brabec, Dušan  |4 aut  |9 921688 
245 1 0 |a Začarovaný kruh závislosti  |b Expanzia japonských monopolov do juhokórejského hospodárstva  |c Dušan Brabec 
650 0 7 |a národné hospodárstvo  |2 snkbucl  |9 846 
650 0 7 |a zahraničný obchod  |2 snkbucl  |9 2200 
651 7 |a Japonsko  |2 snkbucl  |9 16392 
651 7 |a Kórejská republika  |2 snkbucl  |9 82312 
655 7 |a články z novín a časopisov  |2 snkbucl  |9 267496 
773 0 |t Pravda  |g Roč. 69, č. 14 (19. 1. 1988), s. 6 
850 |a Slovenská národná knižnica v Martine  |a MTA001 
852 |a SNK  |b KIS3GCP 
958 |a RK 
992 |a RBX 
999 |c 3302849  |d 3304779